UBT Library

Aplikimi, Sfidat dhe Perparesite e E-Banking ne Kosove (Record no. 45691)

000 -LEADER
fixed length control field 00298nam a22001217a 4500
008 - FIXED-LENGTH DATA ELEMENTS--GENERAL INFORMATION
fixed length control field 180505b xxu||||| |||| 00| 0 eng d
041 ## - LANGUAGE CODE
Language code of text/sound track or separate title eng
080 ## - UNIVERSAL DECIMAL CLASSIFICATION NUMBER
Universal Decimal Classification number 043.3
100 ## - Rafti
Rafti 0
101 ## - Shkurtesa
Shkurtesa SHKI-BA
245 ## - TITLE STATEMENT
Title Aplikimi, Sfidat dhe Perparesite e E-Banking ne Kosove
Statement of responsibility, etc Smakaj, V
942 ## - ADDED ENTRY ELEMENTS (KOHA)
Source of classification or shelving scheme
Item type Books
Holdings
Withdrawn status Lost status Source of classification or shelving scheme Damaged status Not for loan Collection code Permanent location Current location Shelving location Date acquired Total Checkouts Full call number Barcode Date last seen Price effective from Koha item type
          Koleksioni i përgjithshem UBT - Lipjan UBT - Lipjan Disertacionet 05/05/2018   043.3 Smakaj, V 2015 002-3003651 05/05/2018 05/05/2018 Books
          Koleksioni i përgjithshem UBT - Lipjan UBT - Lipjan Disertacionet 05/05/2018   043.3 Smakaj, V 2015 002-3003650 05/05/2018 05/05/2018 Books
          Koleksioni i përgjithshem UBT - Lipjan UBT - Lipjan Disertacionet 05/05/2018   043.3 Smakaj, V 2015 002-3003645 05/05/2018 05/05/2018 Books
          Koleksioni i përgjithshem UBT - Lipjan UBT - Lipjan Disertacionet 05/05/2018   043.3 Smakaj, V 2015 002-3003646 05/05/2018 05/05/2018 Books
UBT Library © 2015-2024. All rights reserved University Education for Business and Technology